El mar infinito (Record no. 60919)

MARC details
000 -LEADER
campo de control de longitud fija 01528nac a2200277 a 4500
003 - IDENTIFICADOR DE NÚMERO DE CONTROL
campo de control CO-PeBPM
005 - FECHA Y HORA DE LA ÚLTIMA TRANSACCIÓN
campo de control 20250610214433.0
007 - CAMPO FIJO DE DESCRIPCIÓN FÍSICA--INFORMACIÓN GENERAL
campo de control de longitud fija ta
008 - DATOS DE LONGITUD FIJA--INFORMACIÓN GENERAL
campo de control de longitud fija 250610s2014 ck a|||| |||| 00| 0 spa d
020 ## - NÚMERO INTERNACIONAL ESTÁNDAR DEL LIBRO
Número Internacional Estándar del Libro ISBN: 9788427208278
040 ## - FUENTE DE CATALOGACIÓN
Centro catalogador/agencia de origen CO-PeBPM
Lengua de catalogación spa
Centro/agencia transcriptor CO-PeBPM
Normas de descripción rda
041 ## - CÓDIGO DE IDIOMA
Código de lengua del texto/banda sonora o título independiente spa
082 04 - NÚMERO DE LA CLASIFICACIÓN DECIMAL DEWEY
Número de clasificación 813 Y21m
Número de edición 22
100 10 - ENTRADA PRINCIPAL--NOMBRE DE PERSONA
Nombre de persona Yancey, Rick
Término indicativo de función/relación autor
245 10 - MENCIÓN DEL TÍTULO
Título El mar infinito
Mención de responsabilidad, etc. / Rick Yancey; traducción de Pilar Ramírez Tello
250 ## - MENCION DE EDICION
Mención de edición Cuarta edición
260 ## - PUBLICACIÓN, DISTRIBUCIÓN, ETC.
Lugar de publicación, distribución, etc. Barcelona, España
Nombre del editor, distribuidor, etc. RBA Molino
Fecha de publicación, distribución, etc. , 2015
300 ## - DESCRIPCIÓN FÍSICA
Extensión 314 páginas
Otras características físicas ilustraciones en blanco y negro
Dimensiones 22 centímetros
520 ## - RESUMEN, ETC.
Sumario, etc. La primera ola fue solo un aviso. La segunda ola nos cogió desprevenidos. La tercera ola duró un poco más nos dejó sin razones por las que seguir vivos. La cuarta ola nos quitó todo aquello por lo que estábamos dispuestos a morir. La quinta ola nos ha sumido en un mar de nada infinito. Los Otros se han propuesto exterminar a la humanidad. La cuestión ya no es si vivimos o morimos, sino de sobrevivir una hora, un día más. Pero seguimos aquí. Esta guerra ya no es de humanos contra alienígenas. Es la lucha de la esperanza contra la desolación. De la fe contra el miedo. Del amor contra el odio. Y nosotros somos el campo de batalla.
650 14 - PUNTO DE ACCESO ADICIONAL DE MATERIA--TÉRMINO DE MATERIA
Término de materia o nombre geográfico como elemento de entrada Literatura juvenil estadounidense
Fuente del encabezamiento o término LEMB
650 14 - PUNTO DE ACCESO ADICIONAL DE MATERIA--TÉRMINO DE MATERIA
Término de materia o nombre geográfico como elemento de entrada Novelas de ciencia ficción
Fuente del encabezamiento o término LEMB
650 14 - PUNTO DE ACCESO ADICIONAL DE MATERIA--TÉRMINO DE MATERIA
Término de materia o nombre geográfico como elemento de entrada Novelas juveniles estadounidenses
Fuente del encabezamiento o término LEMB
700 14 - ENTRADA AGREGADA--NOMBRE PERSONAL
Nombre de persona Ramírez Tello, Pilar
Término indicativo de función/relación traducción
765 ## - ENLACE A LA LENGUA/LENGUAJE ORIGINAL
Encabezamiento principal The Infinite Sea
942 ## - ELEMENTOS DE ENTRADA SECUNDARIOS (KOHA)
Fuente del sistema de clasificación o colocación Clasificación Decimal Dewey
Tipo de ítem Koha Literatura
Suprimir en OPAC No
Holdings
Estatus retirado Estado de pérdida Fuente del sistema de clasificación o colocación Estado de daño No para préstamo Colección Biblioteca de origen Biblioteca actual Ubicación en estantería Fecha de adquisición Fuente de adquisición Total de préstamos Signatura topográfica completa Código de barras Visto por última vez Fecha del último préstamo Copia número Precio de reemplazo Tipo de ítem Koha
    Clasificación Decimal Dewey     General BIBLIOTECA PÚBLICA MUNICIPAL RAMON CORREA MEJIA BIBLIOTECA PÚBLICA MUNICIPAL RAMON CORREA MEJIA Colección general 10/06/2020 Donación 1 813 Y21m 44133 25/08/2025 08/07/2025 Ej. 1 10/06/2025 Literatura

Powered by Koha